| 000 | 00756cam a2200229 a 4500 | ||
|---|---|---|---|
| 001 | 000009860 | ||
| 005 | 20200929161733.0 | ||
| 008 | 990203s1998 ec 001 p spa | ||
| 020 | _a9978804242 | ||
| 040 |
_aDO-SdBNP _dBNPHU |
||
| 082 |
_aE861.44 _bZ12ó |
||
| 100 | 1 |
_aZabala Ruíz, Manuel, _d1928- _924795 |
|
| 245 | 1 | 0 |
_aObra poética completa / _cManuel Zabala Ruíz ; estudio introductorio, Xavier Oquendo Troncoso. |
| 260 |
_aQuito : _bLibresa, _c1998. |
||
| 300 |
_a280 p. ; _c20 cm. |
||
| 490 | 1 | _aCrónica de Sueños | |
| 650 | 4 |
_aPoesía ecuatoriana _913387 |
|
| 650 | 4 |
_aLiteratura ecuatoriana _93938 |
|
| 700 | 1 |
_aOquendo Troncoso, Xavier, _d1972- _eintrod. _924796 |
|
| 830 | 0 |
_aCrónica de Sueños _921507 |
|
| 910 | _aCatalogación derivada | ||
| 999 |
_c9619 _d9619 |
||